| 000 | 01523nac a22003611u 4500 | ||
|---|---|---|---|
| 090 | _c6195 | ||
| 008 | 080730t xxu||||| |||| 00| 0 eng d | ||
| 010 | _a 2006025567 | ||
| 020 | _a9780073105970 (student edition : alk. paper) | ||
| 020 | _a007310597X (student edition : alk. paper) | ||
| 020 | _a9780073106090 (annotated instructor's edition : alk. paper) | ||
| 020 | _a0073106097 (annotated instructor's edition : alk. paper) | ||
| 082 | 0 | 0 |
_a650 _bNIC |
| 100 | _aNickels, William G. | ||
| 245 | 1 | 0 |
_aUnderstanding business / _cWilliam G. Nickels, James M. McHugh, Susan M. McHugh. |
| 250 | _a8th ed. | ||
| 260 |
_aBoston : _bMcGraw-Hill Irwin,2008 _c2008. |
||
| 300 |
_a1v.: _bcol. ill.; _c27 cm. |
||
| 500 | _adistributer: Al-Ahram | ||
| 504 | _aIncludes bibliographical references and index. | ||
| 511 | _acatalogued by: wessam | ||
| 650 | 0 | _aIndustrial management. | |
| 650 | 0 | _aBusiness. | |
| 650 | 0 |
_aBusiness _xVocational guidance. |
|
| 655 | _v9 | ||
| 700 | 1 | _aMcHugh, James M. | |
| 700 | 1 | _aMcHugh, Susan M. | |
| 856 | 4 | 1 |
_3Table of contents only _uhttp://www.loc.gov/catdir/toc/ecip0618/2006025567.html |
| 856 | 4 | 1 |
_3Publisher description _uhttp://www.loc.gov/catdir/enhancements/fy0668/2006025567-d.html |
| 856 | 4 | 1 |
_3Contributor biographical information _uhttp://www.loc.gov/catdir/enhancements/fy0737/2006025567-b.html |
| 942 |
_cNB _k650NIC _2ddc |
||
| 999 |
_c6195 _d6195 |
||